Central Library OPAC University of Rajshahi

Development and Application of public Interest litigation (PIL) : (Record no. 81873)

MARC details
000 -LEADER
fixed length control field 00986nam a2200253 a 4500
001 - CONTROL NUMBER
RUCL Control Number 81873
003 - CONTROL NUMBER IDENTIFIER
rucl marc code BD-RjUL
005 - DATE AND TIME OF LATEST TRANSACTION
control field 20230909162003.0
008 - FIXED-LENGTH DATA ELEMENTS--GENERAL INFORMATION
fixed length control field 230909s2020 bg ||||| m||| 00| 0 eng d
035 ## - SYSTEM CONTROL NUMBER
system control number (BD-RjUL)81873
040 ## - CATALOGING SOURCE
Original cataloging agency BD-RjUL
Language of cataloging eng
Transcribing agency BD-RjUL
Modifying agency BD-RjUL
041 ## - LANGUAGE CODE
Language code of Book eng
082 ## - DEWEY DECIMAL CLASSIFICATION NUMBER
DDC Edition number 23
Author mark and Year NUD 2020
Classification number 347.095492
100 ## - MAIN ENTRY--PERSONAL NAME
Personal name Nurul, Abantee
9 (RLIN) 8852
245 10 - TITLE STATEMENT
Title Development and Application of public Interest litigation (PIL) :
Remainder of title Bangladesh Perspective /
Statement of responsibility, etc By Abantee Nurul ;
Name of Supervisor/Co-Supervisor Supervisor : Md. Hashibul Alam Prodhan, Co-Supervisor : Shahin Zohora
260 ## - PUBLICATION, DISTRIBUTION, ETC. (IMPRINT)
Place of publication, distribution, etc Rajshahi :
Name of publisher, distributor, etc Department of Law, University of Rajshahi,
Date of publication, distribution, etc 2020
300 ## - PHYSICAL DESCRIPTION
Pagination x,150 Leaves ;
Dimensions 29 cm.
502 ## - DISSERTATION NOTE
Dissertation note Thesis (M. Phil.) -- Department of Law, University of Rajshahi, 2020
504 ## - BIBLIOGRAPHY, ETC. NOTE
Bibliography, etc bibliography : Leaves 135-150
650 ## - SUBJECT ADDED ENTRY--TOPICAL TERM
Topical term or geographic name as entry element Law
Form subdivision Litigation
Geographic subdivision Bangladesh
9 (RLIN) 8856
700 ## - ADDED ENTRY--SUPERVISOR/CO-SUPERVISOR NAME
Personal name Prodhan, Md. Hashibul Alam, Supervisor
9 (RLIN) 7819
Personal name Zohora, Shahin, Co-Supervisor
9 (RLIN) 8853
942 ## - ADDED ENTRY ELEMENTS (KOHA)
Source of classification or shelving scheme Dewey Decimal Classification
Koha item type Theses
Holdings
Source of classification or shelving scheme Damaged status Not for loan Collection code Permanent Location Current Location Shelving location Date of accession Source of acquisition Full call number Barcode Date last seen Copy number Thesis
Dewey Decimal Classification   Not For Loan Theses Central Library, University of Rajshahi Central Library, University of Rajshahi Documentation Section 13/02/2023 Controller of Exam. R. U. THE 347.095492 NUD 2020 D4633 09/09/2023 C-1 Theses